000 00592nam a22002297a 4500
001 40673
003 UA-OsUOA
005 20211018211421.0
007 ta
008 20060819b un ||||| |||| 00| 0 ukr d
040 _aUA-OsUOA
_brus
_cUA-OsUOA
_dUA-OsUOA
041 _arus
080 _a94(470+571)
090 _a94(470+571)
_bД43
100 _aДземешкевич П. Ф.
245 _aДворянство и революция
260 _aСевастополь
_bСНИЯиП
_c2004
300 _a188 с.
650 7 _a94 Історія
_2UDC
942 _cBK
_2udc
955 _a2
999 _c326816
_d326816